000 00746nam a2200241 i 4500
001 000027160
003 DO-SdBNP
005 20250203130326.0
007 ta
008 110330s1943 dr c 000 0 spa d
040 _aDO-SdBNP
_bspa
_cBNPHU
_erda
082 4 _bS825m
_222
100 _aStengre, Carmen,
_d1907-
_eautor
_4aut.
_937983
245 1 0 _aMujeres Dominicanas :
_b(semblanzas) /
_cCarmen Stengre.
264 1 _aSantiago de los Caballeros, República Dominicana :
_bEl Diario,
_c1943.
300 _a157 páginas :
_bretratos ;
_c21 cm.
336 _atexto
_btxt
_2rdacontent
337 _asin mediación
_bn
_2rdamedia
338 _avolumen
_bnc
_2rdacarrier
590 _aInventariado, 2022/ YL
910 _aYLockward
942 _2ddc
_cLBS1
999 _c26652
_d26652